000 00257nam a22001097a 4500
008 211111b ||||| |||| 00| 0 eng d
050 _a005
_b1
245 _aIntroduction To Coding,Grade-VI,Teacher
260 _aDelhi
_bCBSE
300 _a1
942 _2ddc
_cBK
999 _c11895
_d11895